KOHA-Header-6

International Economics (Trade And Finance) (Record no. 377)

000 -LEADER
fixed length control field 00336nam a2200121Ia 4500
008 - FIXED-LENGTH DATA ELEMENTS--GENERAL INFORMATION
fixed length control field 190722s9999 xx 000 0 und d
020 ## - INTERNATIONAL STANDARD BOOK NUMBER
International Standard Book Number 978-81-265-5234-4
100 ## - MAIN ENTRY--PERSONAL NAME
Personal name Dominick Salvatore
245 #0 - TITLE STATEMENT
Title International Economics (Trade And Finance)
260 ## - PUBLICATION, DISTRIBUTION, ETC. (IMPRINT)
Place of publication, distribution, etc New Delhi
Name of publisher, distributor, etc John Wiley & Sons.Inc. (India)
Date of publication, distribution, etc 2014
300 ## - PHYSICAL DESCRIPTION
Extent 757
942 ## - ADDED ENTRY ELEMENTS (KOHA)
Koha item type Books
Holdings
Withdrawn status Lost status Source of classification or shelving scheme Damaged status Not for loan Collection code Permanent Location Current Location Shelving location Date acquired Total Checkouts Full call number Barcode Date last seen Date checked out Price effective from Koha item type
          Economics MAJU MAJU Shelf No.A48 2019-07-22 2 337 7003 2020-09-19 2020-09-16 2019-07-22 Economics

Powered by Koha